|
|
|
|
| LEADER |
01656nam a22003734a 4500 |
| 001 |
44602 |
| 003 |
BD-DhAAL |
| 005 |
20250813144646.0 |
| 008 |
250813r20051998mau b 000 0 eng d |
| 010 |
|
|
|a 2005279820
|
| 020 |
|
|
|a 9781590302514
|q hardcover
|
| 020 |
|
|
|a 1590302516
|q hardcover
|
| 020 |
|
|
|a 9781570625312
|q hardcover
|
| 020 |
|
|
|a 9781570627170
|q paperback
|
| 035 |
|
|
|a 14070695
|
| 040 |
|
|
|a DLC
|c DLC
|d DLC
|d BD-DhAAL
|
| 041 |
1 |
|
|a eng
|h per
|
| 042 |
|
|
|a pcc
|
| 050 |
0 |
0 |
|a PK6480.E5
|b H4513 2005
|
| 082 |
0 |
0 |
|a 891.5511
|2 23
|
| 100 |
0 |
|
|a Jalāl al-Dīn Rūmī,
|c Maulana,
|d 1207-1273.
|
| 240 |
1 |
0 |
|a Works.
|k Selections.
|l English.
|f 2005
|
| 245 |
1 |
4 |
|a The Rumi collection :
|b an anthology of translations of Mevlâna Jalâluddin Rumi /
|c selected and edited by Kabir Helminski.
|
| 250 |
|
|
|a First Shambhala library edition.
|
| 260 |
|
|
|a Boston :
|b Shambhala,
|c 2005.
|
| 300 |
|
|
|a xxxii, 265 pages ;
|c 18 cm
|
| 541 |
|
|
|a Donated by Farhana Zahir, Assistant Professor, BRAC Business School, BRAC University
|e 44602
|
| 650 |
|
|
|a Sufi poetry, Persian.
|9 26249
|
| 650 |
|
|
|a Sufi poetry, Persian
|x Translations into English.
|9 59060
|
| 700 |
1 |
|
|a Helminski, Kabir Edmund,
|d 1947-
|9 59059
|
| 852 |
|
|
|a Ayesha Abed Library
|c General Stacks
|
| 942 |
|
|
|2 ddc
|c BK
|
| 999 |
|
|
|c 47379
|d 47379
|
| 952 |
|
|
|0 0
|1 0
|2 ddc
|4 0
|6 891_551100000000000_JAL
|7 0
|9 78015
|a BRACUL
|b BRACUL
|c NEW
|d 2025-08-13
|e Donated by Farhana Zahir, Assistant Professor, BRAC Business School, BRAC University
|l 7
|m 15
|o 891.5511 JAL
|p 3010044602
|q 2026-06-02
|r 2026-05-06
|s 2026-05-06
|t 1
|w 2025-08-13
|y BK
|x Donated by Farhana Zahir, Assistant Professor, BRAC Business School, BRAC University ; USD 18.95
|